[Event "BRA-ch Amateur U2200"]
[Site "Sao Paulo"]
[Date "2016.05.29"]
[Round "7"]
[White "Lopes, Marcelo Ferreira"]
[Black "Winfridsson, Ola"]
[Result "1/2-1/2"]
[WhiteElo "2020"]
[BlackElo "2075"]
[PlyCount "204"]
[EventDate "2016.05.26"]
[EventType "swiss"]
[EventRounds "7"]
[EventCountry "BRA"]
[SourceTitle "EXT 2018"]
[Source "ChessBase"]
[SourceDate "2017.10.13"]
[SourceVersion "1"]
[SourceVersionDate "2017.10.13"]
[SourceQuality "1"]

1. e4 c6 2. d4 d5 3. exd5 cxd5 4. c4 Nf6 5. Nc3 Nc6 6. Nf3 Be6 7. c5 a6 8. Na4 g6 9. Nb6 Ra7 10. Be2 Bg7 11. 0-0 Nd7 12. Nxd7 Qxd7 13. Be3 f6 14. Qd2 0-0 15. b4 Bf7 16. a4 Rfa8 17. Qb2 e5 18. b5 axb5 19. axb5 Rxa1 20. Rxa1 Rxa1+ 21. Qxa1 Nd8 22. Qa8 Be6 23. Bd2 Qc8 24. Qa7 Bd7 25. Ba5 Ne6 26. c6 Bxc6 27. bxc6 Qxc6 28. Qb6 e4 29. Nd2 f5 30. Nb3 Kf7 31. Qxc6 bxc6 32. Bb6 Ke7 33. Ba6 Kd6 34. Kf1 h6 35. g3 g5 36. Bc8 f4 37. Bxe6 Kxe6 38. Ke2 Kf5 39. h3 h5 40. Na5 e3 41. gxf4 Kxf4 42. Bc7+ Ke4 43. fxe3 g4 44. hxg4 hxg4 45. Bh2 Bxd4 46. exd4 Kxd4 47. Nxc6+ Ke4 48. Ne5 d4 49. Nxg4 d3+ 50. Kd2 Kf5 51. Nf2 Ke6 52. Kxd3 Kd5 53. Ne4 Ke6 54. Kd4 Kf5 55. Be5 Ke6 56. Ng3 Kd7 57. Kd5 Ke7 58. Nh5 Kf7 59. Nf4 Ke7 60. Bd4 Kd7 61. Bc5 Kc7 62. Nd3 Kd7 63. Bd6 Ke8 64. Ke6 Kd8 65. Kd5 Kc8 66. Nc5 Kd8 67. Bb8 Kc8 68. Bd6 Kd8 69. Nb7+ Kc8 70. Na5 Kd8 71. Nb7+ Kc8 72. Nc5 Kd8 73. Bf4 Kc8 74. Kd6 Kd8 75. Ne6+ Kc8 76. Be3 Kb7 77. Bc5 Ka6 78. Kc6 Ka5 79. Nd4 Ka4 80. Bd6 Ka5 81. Kc5 Ka4 82. Bc7 Ka3 83. Kc4 Kb2 84. Bf4 Ka3 85. Bc1+ Ka4 86. Bd2 Ka3 87. Bc3 Ka4 88. Ne6 Ka3 89. Nc5 Ka2 90. Kb4 Kb1 91. Kb3 Kc1 92. Nd3+ Kd1 93. Nf4 Kc1 94. Be1 Kd1 95. Bb4 Kc1 96. Kc3 Kd1 97. Kd3 Kc1 98. Ne2+ Kd1 99. Nd4 Kc1 100. Bc3 Kd1 101. Nf5 Kc1 102. Ne3 Kb1 1/2-1/2

[Event "BRA-ch Amateur U2200"]
[Site "Sao Paulo"]
[Date "2016.05.28"]
[Round "6"]
[White "Winfridsson, Ola"]
[Black "Noseda, Francesco"]
[Result "1-0"]
[WhiteElo "2075"]
[BlackElo "1966"]
[PlyCount "93"]
[EventDate "2016.05.26"]
[EventType "swiss"]
[EventRounds "7"]
[EventCountry "BRA"]
[SourceTitle "EXT 2018"]
[Source "ChessBase"]
[SourceDate "2017.10.13"]
[SourceVersion "1"]
[SourceVersionDate "2017.10.13"]
[SourceQuality "1"]

1. d4 Nf6 2. c4 e6 3. g3 d5 4. Nf3 Be7 5. Bg2 0-0 6. 0-0 dxc4 7. Ne5 Nc6 8. Nxc6 bxc6 9. e4 a5 10. Nc3 Bb7 11. Be3 Qd7 12. h3 Rfb8 13. Qe2 Ba6 14. Rad1 Rb4 15. Rd2 Rab8 16. g4 Qc8 17. f4 Qb7 18. Rf2 Rd8 19. g5 Nd7 20. f5 Qb8 21. g6 e5 22. gxh7+ Kxh7 23. Qg4 Bf6 24. d5 c5 25. Bf1 Rh8 26. Rg2 Kg8 27. Bg5 Kf8 28. Bxf6 Nxf6 29. Qxg7+ Ke7 30. Qg5 Rb6 31. d6+ Rxd6 32. Rxd6 cxd6 33. Nd5+ Kd7 34. Qxf6 Rf8 35. Qe7+ Kc6 36. Nf6 Qc8 37. Rd2 Rd8 38. Qxf7 Qb8 39. Qd5+ Kc7 40. Qf7+ Kc6 41. Bxc4 Bxc4 42. Qxc4 Qa7 43. Qa4+ Kc7 44. Nd5+ Kb7 45. Qb5+ Ka8 46. Qc6+ Kb8 47. Qb6+ 1-0

[Event "Batatais 1st"]
[Site "Batatais"]
[Date "2015.11.02"]
[Round "8.3"]
[White "Winfridsson, Ola"]
[Black "Nunes da Silva, Diego"]
[Result "1-0"]
[WhiteElo "2072"]
[BlackElo "1573"]
[PlyCount "91"]
[EventDate "2015.10.31"]
[EventType "tourn"]
[EventRounds "9"]
[EventCountry "BRA"]
[SourceTitle "EXT 2022"]
[Source "ChessBase"]
[SourceDate "2021.10.06"]
[SourceVersion "1"]
[SourceVersionDate "2021.10.06"]
[SourceQuality "1"]

1. Nf3 Nf6 2. g3 g6 3. d4 d6 4. c4 Bg7 5. Bg2 0-0 6. 0-0 c5 7. Nc3 Be6 8. d5 Bf5 9. Nd2 Re8 10. e4 Bd7 11. h3 e6 12. Rb1 Na6 13. a3 Rb8 14. Kh2 b5 15. Nxb5 Bxb5 16. cxb5 Rxb5 17. Nc4 exd5 18. exd5 Nc7 19. Bf4 Ne4 20. Bxe4 Rxe4 21. Nxd6 Rxf4 22. Nxb5 Nxb5 23. gxf4 Qh4 24. Qg4 Qd8 25. Rfd1 Nd4 26. Rxd4 Bxd4 27. Qf3 Qd6 28. b4 cxb4 29. axb4 Bb6 30. Qe4 Bxf2 31. Qe8+ Kg7 32. Qe5+ Qf6 33. Qxf6+ Kxf6 34. Kg2 Bb6 35. Kf3 Ke7 36. Kg4 h6 37. Rd1 f5+ 38. Kf3 Kd6 39. Rd2 g5 40. Rd3 Bd8 41. Rc3 gxf4 42. Kxf4 Bg5+ 43. Kxf5 Kxd5 44. Rc5+ Kd6 45. Ra5 Be7 46. Rxa7 1-0

[Event "Batatais 1st"]
[Site "Batatais"]
[Date "2015.10.31"]
[Round "1.2"]
[White "Winfridsson, Ola"]
[Black "Kajiwara, Joao Kazuyuki"]
[Result "1-0"]
[WhiteElo "2072"]
[BlackElo "1263"]
[PlyCount "57"]
[EventDate "2015.10.31"]
[EventType "tourn"]
[EventRounds "9"]
[EventCountry "BRA"]
[SourceTitle "EXT 2022"]
[Source "ChessBase"]
[SourceDate "2021.10.06"]
[SourceVersion "1"]
[SourceVersionDate "2021.10.06"]
[SourceQuality "1"]

1. e4 c6 2. Nf3 d6 3. d4 Bg4 4. c4 e5 5. dxe5 Bxf3 6. Qxf3 dxe5 7. Be2 Nf6 8. 0-0 Be7 9. Nc3 0-0 10. Qg3 Re8 11. Bh6 Bf8 12. Rad1 Qc7 13. Bg5 Be7 14. Rd2 Nbd7 15. Bh6 Bf8 16. Bg5 Be7 17. Bh6 Bf8 18. Be3 Nc5 19. Bf3 Ne6 20. h4 Bc5 21. Bxc5 Nxc5 22. Rfd1 Rad8 23. Rxd8 Rxd8 24. Rxd8+ Qxd8 25. Qxe5 Nd3 26. Qg5 Nxb2 27. e5 h6 28. Qc1 Nd3 29. Qd2 1-0

[Event "Ribeirao Preto Recra Chess 1st"]
[Site "Ribeirao Preto"]
[Date "2015.10.25"]
[Round "5.3"]
[White "Winfridsson, Ola"]
[Black "Goulart, Thiago Oscar"]
[Result "1-0"]
[WhiteElo "2084"]
[BlackElo "1800"]
[PlyCount "59"]
[EventDate "2015.10.24"]
[EventType "swiss"]
[EventRounds "5"]
[EventCountry "BRA"]
[SourceTitle "EXT 2022"]
[Source "ChessBase"]
[SourceDate "2021.10.06"]
[SourceVersion "1"]
[SourceVersionDate "2021.10.06"]
[SourceQuality "1"]

1. d4 Nf6 2. c4 e6 3. g3 d5 4. Nf3 c5 5. cxd5 Nxd5 6. Nc3 Nxc3 7. bxc3 Nc6 8. Bg2 cxd4 9. cxd4 Bb4+ 10. Bd2 Qa5 11. Rb1 Bxd2+ 12. Qxd2 Qxd2+ 13. Kxd2 Rb8 14. Rhc1 Bd7 15. e4 0-0 16. d5 exd5 17. exd5 Bf5 18. Rb5 Rfd8 19. Ke3 Ne7 20. Nd4 Bd7 21. Rbc5 Rdc8 22. Rc7 Rd8 23. d6 Nf5+ 24. Nxf5 Bxf5 25. Rd1 Rd7 26. Bxb7 g6 27. Bd5 a6 28. Bc6 Rxc7 29. dxc7 Rc8 30. Rd8+ 1-0

[Event "BCF-chT2c 1112 (4NCL)"]
[Site "England"]
[Date "2012.04.01"]
[Round "8.35"]
[White "Winfridsson, Ola"]
[Black "Varnam, Liam"]
[Result "0-1"]
[WhiteElo "2122"]
[BlackElo "2060"]
[PlyCount "56"]
[EventDate "2011.11.12"]
[EventType "team-swiss"]
[EventRounds "11"]
[EventCountry "ENG"]
[SourceTitle "EXT 2013"]
[Source "ChessBase"]
[SourceDate "2012.11.22"]
[SourceVersion "1"]
[SourceVersionDate "2012.11.22"]
[SourceQuality "1"]
[WhiteTeam "Poisoned Pawns"]
[BlackTeam "Sambuca Sharks"]
[WhiteTeamCountry "ENG"]
[BlackTeamCountry "ENG"]

1. d4 d5 2. c4 dxc4 3. Nf3 Nf6 4. Qa4+ Nc6 5. Nc3 Nd5 6. Qxc4 Nb6 7. Qd3 e5 8. Nxe5 Nb4 9. Qd1 Qxd4 10. Qxd4 Nc2+ 11. Kd1 Nxd4 12. e3 Ne6 13. Bb5+ c6 14. Be2 Bd6 15. Nd3 0-0 16. b3 Nc5 17. Nxc5 Bxc5 18. Bd3 a5 19. Ne4 Be7 20. Bb2 f5 21. Nd2 a4 22. Ke2 Be6 23. Rhc1 axb3 24. axb3 Nd5 25. Nf3 Nb4 26. Bc4 Bxc4+ 27. bxc4 c5 28. Bc3 Na2 0-1

[Event "BCF-chT2a 1112 (4NCL)"]
[Site "England"]
[Date "2012.01.15"]
[Round "4.3"]
[White "Shaw, Peter"]
[Black "Winfridsson, Ola"]
[Result "1-0"]
[WhiteElo "2180"]
[BlackElo "2122"]
[PlyCount "71"]
[EventDate "2011.11.12"]
[EventType "team-tourn"]
[EventRounds "7"]
[EventCountry "ENG"]
[SourceTitle "EXT 2013"]
[Source "ChessBase"]
[SourceDate "2012.11.22"]
[SourceVersion "1"]
[SourceVersionDate "2012.11.22"]
[SourceQuality "1"]
[WhiteTeam "White Rose II"]
[BlackTeam "Poisoned Pawns"]
[WhiteTeamCountry "ENG"]
[BlackTeamCountry "ENG"]

1. d4 d5 2. c4 e6 3. Nc3 Be7 4. Nf3 Nf6 5. Bg5 h6 6. Bh4 0-0 7. e3 b6 8. Qb3 Bb7 9. Bxf6 Bxf6 10. cxd5 exd5 11. Rd1 Re8 12. Be2 c6 13. 0-0 Qd6 14. Rfe1 Nd7 15. Bf1 Rab8 16. e4 dxe4 17. Nxe4 Qf4 18. g3 Qxe4 19. Rxe4 Rxe4 20. Bc4 Re7 21. Re1 Rxe1+ 22. Nxe1 Rf8 23. Nc2 b5 24. Be2 Nb6 25. Bf3 Rd8 26. Qc3 Na4 27. Qa5 Nxb2 28. Qc7 Bc8 29. Qxc6 Bf5 30. Ne3 Rc8 31. Qxb5 Rc1+ 32. Kg2 Nd3 33. Qxf5 Ne1+ 34. Kh3 Nxf3 35. Qxf3 Bxd4 36. Qa8+ 1-0

[Event "BCF-chT3 0809 (4NCL)"]
[Site "Hinckley Island"]
[Date "2009.03.21"]
[Round "7.2"]
[White "Fegan, Chris"]
[Black "Winfridsson, Ola"]
[Result "0-1"]
[WhiteElo "2091"]
[BlackElo "2127"]
[PlyCount "58"]
[EventDate "2008.10.18"]
[EventType "team-swiss"]
[EventRounds "11"]
[EventCountry "ENG"]
[SourceTitle "EXT 2010"]
[Source "ChessBase"]
[SourceDate "2010.11.25"]
[SourceVersion "1"]
[SourceVersionDate "2010.11.25"]
[SourceQuality "1"]
[WhiteTeam "Metropolitan"]
[BlackTeam "Poisoned Pawns II"]
[WhiteTeamCountry "ENG"]
[BlackTeamCountry "ENG"]

1. d4 Nf6 2. Nf3 d5 3. e3 c5 4. c3 cxd4 5. exd4 Nc6 6. Bd3 Bg4 7. h3 Bxf3 8. Qxf3 e6 9. 0-0 Bd6 10. Bg5 Be7 11. Nd2 Qb6 12. Nb3 a5 13. Rfe1 a4 14. Nc5 Qxb2 15. Reb1 Qxc3 16. Nxe6 Nxd4 17. Nxg7+ Kf8 18. Qe3 Nc2 19. Ne6+ fxe6 20. Bh6+ Kf7 21. Bg6+ hxg6 22. Qxc3 Rac8 23. Qd2 Nxa1 24. Rxa1 Ne4 25. Qf4+ Bf6 26. Rb1 g5 27. Rxb7+ Kg6 28. Qg4 Rc1+ 29. Kh2 Rh1+ 0-1

[Event "Budapest Spring op 24th"]
[Site "Budapest"]
[Date "2008.03.26"]
[Round "6"]
[White "Lacrosse, Marc"]
[Black "Winfridsson, Ola"]
[Result "1-0"]
[WhiteElo "2259"]
[BlackElo "2108"]
[PlyCount "51"]
[EventDate "2008.03.21"]
[EventType "swiss"]
[EventRounds "9"]
[EventCountry "HUN"]
[SourceTitle "CBM 123 Extra"]
[Source "ChessBase"]
[SourceDate "2008.05.06"]
[SourceVersion "1"]
[SourceVersionDate "2008.05.06"]
[SourceQuality "1"]

1. d4 Nf6 2. c4 e6 3. Nf3 Bb4+ 4. Bd2 Qe7 5. g3 0-0 6. Bg2 Bxd2+ 7. Qxd2 Ne4 8. Qc2 f5 9. 0-0 d6 10. Nc3 Nxc3 11. Qxc3 Nc6 12. Rac1 e5 13. d5 Nb8 14. c5 Na6 15. b4 e4 16. Nd4 dxc5 17. bxc5 Qe5 18. Qc4 Rd8 19. Rfd1 Kh8 20. Nb3 b6 21. c6 Nb8 22. d6 Rxd6 23. Qf7 Qe6 24. Qxc7 Rxd1+ 25. Rxd1 Nxc6 26. Qxc6 1-0

[Event "Budapest Spring op 24th"]
[Site "Budapest"]
[Date "2008.03.22"]
[Round "2"]
[White "Winfridsson, Ola"]
[Black "Lengyel, Bela"]
[Result "0-1"]
[WhiteElo "2108"]
[BlackElo "2261"]
[PlyCount "62"]
[EventDate "2008.03.21"]
[EventType "swiss"]
[EventRounds "9"]
[EventCountry "HUN"]
[SourceTitle "CBM 123 Extra"]
[Source "ChessBase"]
[SourceDate "2008.05.06"]
[SourceVersion "1"]
[SourceVersionDate "2008.05.06"]
[SourceQuality "1"]

1. e4 e5 2. Nf3 Nc6 3. Bb5 a6 4. Ba4 Nf6 5. Qe2 Be7 6. c3 b5 7. Bb3 0-0 8. 0-0 d6 9. d4 Bg4 10. Rd1 exd4 11. cxd4 d5 12. e5 Ne4 13. Nc3 Nxc3 14. bxc3 Na5 15. Bc2 Qd7 16. h3 Bf5 17. g4 Bxc2 18. Qxc2 Nc4 19. Ng5 g6 20. Qe2 Rae8 21. f4 f5 22. gxf5 Bxg5 23. e6 Qd6 24. fxg6 Rxe6 25. gxh7+ Kh8 26. Qg2 Bh6 27. f5 Ref6 28. Bxh6 Rxh6 29. Kh1 Rxh7 30. Rg1 Qh6 31. Kh2 Qf4+ 0-1

[Event "BCF-chT4 0708 (4NCL)"]
[Site "England"]
[Date "2007.10.28"]
[Round "2.1"]
[White "Winfridsson, Ola"]
[Black "Davda, Rahil P"]
[Result "1-0"]
[WhiteElo "2108"]
[BlackElo "1833"]
[PlyCount "47"]
[EventDate "2007.09.15"]
[EventType "team-swiss"]
[EventRounds "11"]
[EventCountry "ENG"]
[SourceTitle "EXT 2009"]
[Source "ChessBase"]
[SourceDate "2008.11.26"]
[SourceVersion "1"]
[SourceVersionDate "2008.11.26"]
[SourceQuality "1"]
[WhiteTeam "Poisoned Pawns II"]
[BlackTeam "AMCA Hippos"]
[WhiteTeamCountry "ENG"]
[BlackTeamCountry "ENG"]

1. d4 f5 2. Nc3 Nf6 3. Bg5 e6 4. e4 fxe4 5. Nxe4 Be7 6. Ng3 d5 7. Bd3 Nbd7 8. Nf3 b6 9. Qe2 Kf7 10. 0-0-0 Ne8 11. h4 h6 12. Rde1 Ndf6 13. Ne5+ Kg8 14. Ng6 hxg5 15. hxg5 Rxh1 16. Rxh1 Bd6 17. Rh8+ Kf7 18. gxf6 Qxf6 19. Nh5 Qg5+ 20. f4 Qd8 21. Nxg7 Kxg7 22. Qh5 Bb7 23. Qh6+ Kf7 24. Rf8+ 1-0

[Event "BCF-chT4 0607 (4NCL)"]
[Site "Sunningdale"]
[Date "2007.03.25"]
[Round "8.75"]
[White "Gibbs, Dominic V"]
[Black "Winfridsson, Ola"]
[Result "1/2-1/2"]
[WhiteElo "1956"]
[BlackElo "2099"]
[PlyCount "68"]
[EventDate "2006.09.16"]
[EventType "team"]
[EventRounds "11"]
[EventCountry "ENG"]
[SourceTitle "EXT 2008"]
[Source "ChessBase"]
[SourceDate "2007.11.25"]
[SourceVersion "1"]
[SourceVersionDate "2007.11.25"]
[SourceQuality "1"]
[WhiteTeam "Cambridge II"]
[BlackTeam "Poisoned Pawns II"]
[WhiteTeamCountry "ENG"]
[BlackTeamCountry "ENG"]

1. e4 c6 2. d4 d5 3. exd5 cxd5 4. c4 Nf6 5. Nc3 Nc6 6. Bg5 Be6 7. a3 Qd7 8. Bxf6 exf6 9. c5 g6 10. g3 Bg7 11. Bg2 0-0 12. Nge2 Rae8 13. 0-0 g5 14. b4 f5 15. b5 Ne7 16. f4 h6 17. Qa4 Ra8 18. Rad1 a6 19. Qb3 axb5 20. Nxb5 Nc6 21. Nd6 b6 22. Bxd5 Bxd5 23. Qxd5 Ne7 24. Qb3 bxc5 25. dxc5 Qc6 26. Qb6 Rxa3 27. Nxf5 Qe4 28. Nxe7+ Qxe7 29. Rde1 Qe3+ 30. Kh1 Re8 31. Ng1 Qxe1 32. Rxe1 Rxe1 33. c6 Rc3 34. fxg5 hxg5 1/2-1/2

[Event "Ostrava Konik op-A"]
[Site "Ostrava"]
[Date "2007.??.??"]
[Round "4"]
[White "Winfridsson, Ola"]
[Black "Blecha, Zdenek"]
[Result "1-0"]
[WhiteElo "2015"]
[BlackElo "2010"]
[PlyCount "67"]
[EventDate "2007.05.??"]
[EventType "swiss"]
[EventRounds "9"]
[EventCountry "CZE"]
[SourceTitle "EXT 2010"]
[Source "ChessBase"]
[SourceDate "2010.11.25"]
[SourceVersion "1"]
[SourceVersionDate "2010.11.25"]
[SourceQuality "1"]

1. d4 d5 2. c4 e6 3. Nc3 Nf6 4. cxd5 exd5 5. Bg5 Be7 6. Qc2 0-0 7. e3 Re8 8. Bd3 h6 9. Bh4 c6 10. Nge2 Nbd7 11. h3 Nf8 12. 0-0-0 b5 13. g4 N6h7 14. Bxe7 Rxe7 15. e4 a6 16. e5 Bb7 17. f4 Rc8 18. Bf5 Rcc7 19. b4 g6 20. Bd3 Nd7 21. f5 Nhf8 22. Qd2 Kh7 23. h4 Nxe5 24. dxe5 Rxe5 25. fxg6+ fxg6 26. h5 Qg5 27. Qxg5 Rxg5 28. hxg6+ Kg7 29. Nf4 Bc8 30. Nh5+ Kg8 31. Nf6+ Kh8 32. Rxh6+ Kg7 33. Ne8+ Kxh6 34. Rh1+ 1-0

[Event "BCF-chT3 0506 (4NCL)"]
[Site "Birmingham"]
[Date "2006.03.04"]
[Round "7.2"]
[White "Muter, Donny"]
[Black "Winfridsson, Ola"]
[Result "1/2-1/2"]
[WhiteElo "2085"]
[BlackElo "2099"]
[PlyCount "82"]
[EventDate "2005.10.22"]
[EventType "team"]
[EventRounds "11"]
[EventCountry "ENG"]
[SourceTitle "EXT 2007"]
[Source "ChessBase"]
[SourceDate "2006.11.23"]
[SourceVersion "1"]
[SourceVersionDate "2006.11.23"]
[SourceQuality "1"]
[WhiteTeam "Slough Sharks III"]
[BlackTeam "Poisoned Pawns II"]
[WhiteTeamCountry "ENG"]
[BlackTeamCountry "ENG"]

1. d4 Nf6 2. Nf3 e6 3. e3 b6 4. Bd3 Bb7 5. Qe2 c5 6. 0-0 Nc6 7. c3 Be7 8. a3 d6 9. Rd1 Qc7 10. e4 e5 11. b4 cxd4 12. cxd4 0-0 13. d5 Nb8 14. Ra2 Qd7 15. Nbd2 Rc8 16. a4 Rc7 17. Bb2 Qg4 18. Kh1 Nbd7 19. Nf1 g6 20. a5 bxa5 21. Rxa5 Nb6 22. Ne3 Qh5 23. Rda1 Bc8 24. Ng1 Qxe2 25. Nxe2 Ng4 26. Nd1 f5 27. f3 fxe4 28. fxe4 Bg5 29. h3 Ne3 30. Nxe3 Bxe3 31. Bc1 Bxc1 32. Rxc1 Rxc1+ 33. Nxc1 Bd7 34. Ne2 Kf8 35. Kg1 Ke7 36. Kf2 Nc8 37. Ba6 Rb8 38. Bxc8 Bxc8 39. Rxa7+ Bd7 40. b5 Rxb5 41. Ra8 Rb4 1/2-1/2

[Event "BCF-chT3 0506 (4NCL)"]
[Site "Birmingham"]
[Date "2006.01.14"]
[Round "5.3"]
[White "Humphreys, Jerry"]
[Black "Winfridsson, Ola"]
[Result "1/2-1/2"]
[WhiteElo "2084"]
[BlackElo "2099"]
[PlyCount "39"]
[EventDate "2005.10.22"]
[EventType "team"]
[EventRounds "11"]
[EventCountry "ENG"]
[SourceTitle "EXT 2007"]
[Source "ChessBase"]
[SourceDate "2006.11.23"]
[SourceVersion "1"]
[SourceVersionDate "2006.11.23"]
[SourceQuality "1"]
[WhiteTeam "Bristol II"]
[BlackTeam "Poisoned Pawns II"]
[WhiteTeamCountry "ENG"]
[BlackTeamCountry "ENG"]

1. e4 c6 2. d4 d5 3. Nc3 dxe4 4. Nxe4 Bf5 5. Ng3 Bg6 6. Nf3 Nd7 7. h4 h6 8. h5 Bh7 9. Bd3 Bxd3 10. Qxd3 Ngf6 11. Bd2 e6 12. 0-0-0 Be7 13. c4 0-0 14. Kb1 a5 15. Qe2 Qc7 16. Bc3 Bb4 17. Rc1 c5 18. Rhd1 Bxc3 19. Rxc3 Rfd8 20. Rcd3 1/2-1/2

[Event "BCF-chT3 0506 (4NCL)"]
[Site "Birmingham"]
[Date "2005.10.22"]
[Round "1.2"]
[White "Dignam, Matthew"]
[Black "Winfridsson, Ola"]
[Result "1-0"]
[WhiteElo "2172"]
[BlackElo "2099"]
[PlyCount "67"]
[EventDate "2005.10.22"]
[EventType "team"]
[EventRounds "11"]
[EventCountry "ENG"]
[SourceTitle "EXT 2007"]
[Source "ChessBase"]
[SourceDate "2006.11.23"]
[SourceVersion "1"]
[SourceVersionDate "2006.11.23"]
[SourceQuality "1"]
[WhiteTeam "Poisoned Pawns"]
[BlackTeam "Poisoned Pawns II"]
[WhiteTeamCountry "ENG"]
[BlackTeamCountry "ENG"]

1. d4 Nf6 2. Nc3 d5 3. Bg5 Nbd7 4. Nf3 g6 5. e3 Bg7 6. Be2 0-0 7. 0-0 c6 8. b4 Ne4 9. Nxe4 dxe4 10. Nd2 h6 11. Bh4 f5 12. Rb1 g5 13. Bc4+ Kh8 14. Bxg5 Qe8 15. Bf4 e5 16. dxe5 Nxe5 17. Bb3 Be6 18. Qe2 Rd8 19. Rfd1 Ng6 20. Bg3 Bc3 21. Nc4 Rxd1+ 22. Rxd1 Bxb4 23. Qh5 Kh7 24. Bd6 Bxd6 25. Rxd6 Qf7 26. Nd2 Re8 27. h3 Kg7 28. Nf1 Bxb3 29. axb3 Re6 30. Ng3 Re5 31. c4 Kh7 32. Ne2 f4 33. Qg4 fxe3 34. fxe3 1-0

[Event "BCF-chT3 0405 (4NCL)"]
[Site "Telford"]
[Date "2005.05.30"]
[Round "11.5"]
[White "Winfridsson, Ola"]
[Black "Pedder, Stephane SG"]
[Result "0-1"]
[WhiteElo "2080"]
[BlackElo "1940"]
[PlyCount "92"]
[EventDate "2004.11.06"]
[EventType "team"]
[EventRounds "11"]
[EventCountry "ENG"]
[SourceTitle "EXT 2006"]
[Source "ChessBase"]
[SourceDate "2005.11.24"]
[SourceVersion "1"]
[SourceVersionDate "2005.11.24"]
[SourceQuality "1"]
[WhiteTeam "Poisoned Pawns II"]
[BlackTeam "The ADS II"]
[WhiteTeamCountry "ENG"]
[BlackTeamCountry "ENG"]

1. d4 Nf6 2. c4 b6 3. Nc3 Bb7 4. Nf3 d6 5. Qc2 e6 6. e4 c5 7. d5 e5 8. g3 Bc8 9. Bg2 h6 10. 0-0 Bd7 11. Ne1 g6 12. f4 exf4 13. gxf4 Bg7 14. Nf3 0-0 15. e5 Bf5 16. Qe2 Re8 17. Be3 Ng4 18. h3 Nxe3 19. Qxe3 Nd7 20. Nb5 Bf8 21. Qd2 dxe5 22. d6 e4 23. Nc7 exf3 24. Bxf3 Rc8 25. Nxe8 Qxe8 26. Rfe1 Qd8 27. Bg2 Nb8 28. Rad1 Nd7 29. Qd5 Qf6 30. Qb7 Rd8 31. Qc7 Nb8 32. Qxa7 Nd7 33. Qc7 Be6 34. b3 Qh4 35. Rf1 Bg7 36. Rf3 Bd4+ 37. Kf1 Rf8 38. Re1 Nf6 39. Ke2 Bf5 40. Kd1 Bc2+ 41. Kd2 Ne4+ 42. Ke2 Re8 43. d7 Nc3+ 44. Kd2 Qxe1+ 45. Kxc2 Re2+ 46. Kd3 Rd2# 0-1